000 01552nam a22002777a 4500
003 dpl
005 20180606155717.0
008 180606b xxu||||| |||| 00| 0 eng d
010 _aB-042589
020 _c00.00
_a8178220032
035 _aB-042589, B-042592
037 _bCen Lib/Ret
040 _aDPL
_bEN
_c0
082 _a615.89
_bLUB
100 _aLubeck, Walter
_926218
245 _aPendadulum healing handbook :
_cby walter Lubeck; translated by Christine M. Grim
_bcompelete guide boo on how to use the pendulum to choose appropriate remedies for healing body, mind and spirit /
246 _b
260 _bNew Age books
_c2000
_aNew Delhi
270 _bNew Delhi
_aA-44, Naraina phase 1
_e110028
300 _a205p.:
_c22cm(Hb)
_bill.
500 _aIncludes bibliographical references
650 _aAlternative medicine
_926219
650 _aPendulum Library management
_926220
700 _aGrimm, Christine M.
_92505
942 _2ddc
_cEN
_h615.89
_mLUB
999 _c129387
_d129387